[Event "Sochi ChessAmateur op10"]
[Site "Sochi"]
[Date "2018.10.15"]
[Round "6"]
[White "Vashchilov, Sergey"]
[Black "Lepin, Artem"]
[Result "1-0"]
[WhiteElo "2129"]
[BlackElo "1836"]
[PlyCount "49"]
[EventDate "2018.10.12"]
[EventType "swiss"]
[EventRounds "9"]
[EventCountry "RUS"]
[SourceTitle "CBM 187 Extra"]
[Source "ChessBase"]
[SourceDate "2018.11.04"]
[SourceVersion "1"]
[SourceVersionDate "2018.11.04"]
[SourceQuality "1"]

1. e4 c5 2. Nf3 e6 3. b3 b6 4. Bb2 Bb7 5. Nc3 a6 6. g3 Nf6 7. d3 d6 8. Bg2 Be7 9. 0-0 0-0 10. h3 Nc6 11. Re1 Re8 12. Ne2 d5 13. e5 Nd7 14. Nf4 d4 15. h4 b5 16. Bh3 Qc7 17. Qe2 h6 18. a3 Nb6 19. Nh2 a5 20. Ng4 a4 21. Nh5 Kh8 22. Bc1 Bf8 23. Bxh6 gxh6 24. Ngf6 Nd5 25. Qe4 1-0

[Event "Sochi ChessAmateur op10"]
[Site "Sochi"]
[Date "2018.10.13"]
[Round "3"]
[White "Lepin, Artem"]
[Black "Makarenko, Alexandra"]
[Result "0-1"]
[WhiteElo "1836"]
[BlackElo "2233"]
[PlyCount "50"]
[EventDate "2018.10.12"]
[EventType "swiss"]
[EventRounds "9"]
[EventCountry "RUS"]
[SourceTitle "CBM 187 Extra"]
[Source "ChessBase"]
[SourceDate "2018.11.04"]
[SourceVersion "1"]
[SourceVersionDate "2018.11.04"]
[SourceQuality "1"]

1. c4 Nf6 2. Nf3 g6 3. Nc3 Bg7 4. e4 d6 5. d4 0-0 6. h3 Na6 7. Bg5 Qe8 8. g4 e5 9. d5 c6 10. dxc6 Qxc6 11. Bxf6 Bxf6 12. Nd5 Bd8 13. Nd2 Be6 14. Be2 Rc8 15. Nf1 Ba5+ 16. Nd2 Bxd5 17. exd5 Qb6 18. Rb1 Qd4 19. a3 f5 20. b4 fxg4 21. Rf1 Bb6 22. c5 dxc5 23. Bxg4 Rcd8 24. Nf3 Qe4+ 25. Kd2 Rxd5+ 0-1

[Event "Sochi ChessAmateur op10"]
[Site "Sochi"]
[Date "2018.10.13"]
[Round "2"]
[White "Trubchaninov, Artem"]
[Black "Lepin, Artem"]
[Result "1/2-1/2"]
[WhiteElo "2119"]
[BlackElo "1836"]
[PlyCount "90"]
[EventDate "2018.10.12"]
[EventType "swiss"]
[EventRounds "9"]
[EventCountry "RUS"]
[SourceTitle "CBM 187 Extra"]
[Source "ChessBase"]
[SourceDate "2018.11.04"]
[SourceVersion "1"]
[SourceVersionDate "2018.11.04"]
[SourceQuality "1"]

1. c4 c5 2. Nf3 Nc6 3. Nc3 e5 4. e3 Nf6 5. d4 cxd4 6. exd4 e4 7. Ne5 Bb4 8. a3 Qa5 9. Bd2 Nxd4 10. c5 Qxc5 11. Nc4 Bxc3 12. Bxc3 Nf5 13. Bb4 Qd5 14. g4 Qxd1+ 15. Rxd1 Nxg4 16. Bh3 h5 17. Rd5 d6 18. Rxf5 Bxf5 19. Nxd6+ Kd7 20. Nxf5 g6 21. Ne3 f5 22. Bc3 Rhe8 23. Bf1 a6 24. Nxg4 hxg4 25. Ke2 Re7 26. h3 Rh7 27. Bg2 gxh3 28. Bxh3 Ke7 29. Bg2 Rxh1 30. Bxh1 b5 31. Bg2 Ke6 32. Ke3 g5 33. Bh3 Rd8 34. Bf1 Rd1 35. Be2 Rh1 36. a4 bxa4 37. Bxa6 Kd5 38. Bb7+ Kc4 39. Bc8 Rh3+ 40. Kd2 Rf3 41. Be6+ Kc5 42. Ke2 g4 43. Be5 Kc6 44. Bh2 Kc5 45. Be5 Kc6 1/2-1/2